000 01256nam a2200217 a 4500
001 BRCA_9083
005 20190320210521.0
008 110917s1792----sp-#######---#000-0#spa-#
041 _aspa
044 _asp
084 _aBE66
_b.B83 1792
100 1 _aBuchan, Guillermo
_922255
245 1 0 _aFarmacopedia y tabla general de las materias contenidas en la medicina domestica del celebre Buchan, M. D. del real colegio Medico de Edimburgo
_bcon la explicación de los términos temnicos o facultativos usados en ella, y la descripción y preparación de los remedios compuestos que van mencionados, con otra característica de todas las plantas y medicinas simples: recetas de la Farmacopeas de Londres y Edimburgo, y otras de igual naturaleza, á que se agrega un especial tratado de aguas minerales con su análisis : observaciones sobre la dosis, usos y modos de aplicarlos en las diferentes preparaciones; todo por orden alfabético: tomo v.
260 _aMadrid
_bEn la Imprenta Real
_c1792
300 _a419 p. (t.5)
_c22.3 x 16 cm
500 _aCon licencia
500 _aEstado físico: presenta encuadernación en pergamino con cintas rotas
650 1 4 _aMedicina preventiva
_yObras anteriores a 1800
_922450
902 _aCFM
942 _2lcc
_cB
999 _c8733
_d8733